000 01045cad a22002295a 4500
001 E148915
008 091126s2009 xxk f 000 0 eng d
035 _a(Sirsi) u148915
041 0 _aeng
050 0 4 _a333.33 $2 18
110 2 _aSavills
_92020
245 0 0 _aEdinburgh office survey
_breview of 2008 and outlook for 2009
_h[electronic resource]
260 _aEdinburgh
_bSavills
_c2009
490 0 _aSavills Edinburgh Office Survey
520 _aSuggests that take-up was only slightly down in 2008, and that although availability increased, there is still a lack of supply of Grade A space in the centre of Edinburgh. Predicts that availability will increase in 2009 as new developments are finished and due to tenant returns.
521 _aAdvanced
590 _aKA
651 4 _aEdinburgh
690 _aPROPERTY-COMMERCIAL PROPERTY-COMMERCIAL PROPERTY MARKET
856 4 0 _uhttps://www.savills.co.uk/research/Report.aspx?nodeID=10479#
_zView the report free of charge (requires registration) at www.savills.co.uk...
942 _n0
999 _c110284
_d110284